00382nam a2200109 4500008001000000082001500010100003200025245002000057260004500077300003300122650011700155708 F363b a708bF363b aFernández Barrera, Leslie aEstética 2008 aChilebUniversidad de Concepciónc2008 a24 p.bill (col)c21 x 15 cm xarte cotemporáneoxarte - exhibicionesxarte - estereotiposxarte - bellezaxarte - catálogo de exhibición